<?xml version="1.0" encoding="UTF-8"?>
<collection xmlns="http://www.loc.gov/MARC21/slim">
    <record>
        <controlfield tag="001">88853</controlfield>
        <controlfield tag="005">20200514105016.0</controlfield>
        <datafield tag="037" ind1=" " ind2=" ">
            <subfield code="a">TAZ-TFG-2019-4259</subfield>
        </datafield>
        <datafield tag="041" ind1=" " ind2=" ">
            <subfield code="a">spa</subfield>
        </datafield>
        <datafield tag="100" ind1="1" ind2=" ">
            <subfield code="a">Pascual Gutiérrez, Axel</subfield>
        </datafield>
        <datafield tag="242" ind1="0" ind2="0">
            <subfield code="a">Catarism in the Iberian Peninsula between the twelft and fourteenth centuries.</subfield>
        </datafield>
        <datafield tag="245" ind1="0" ind2="0">
            <subfield code="a">El catarismo en la Península Ibérica entre los siglos XII y XIV.</subfield>
        </datafield>
        <datafield tag="260" ind1=" " ind2=" ">
            <subfield code="a">Zaragoza</subfield>
            <subfield code="b">Universidad de Zaragoza</subfield>
            <subfield code="c">2019</subfield>
        </datafield>
        <datafield tag="506" ind1=" " ind2=" ">
            <subfield code="a">by-nc-sa</subfield>
            <subfield code="b">Creative Commons</subfield>
            <subfield code="c">3.0</subfield>
            <subfield code="u">http://creativecommons.org/licenses/by-nc-sa/3.0/</subfield>
        </datafield>
        <datafield tag="520" ind1=" " ind2=" ">
            <subfield code="a">Entre los siglos XII y XIV en Europa Occidental, incidiendo en el actual sur francés y en el noreste de la Península Ibérica, se da un culto cristiano ajeno a la ortodoxia católica, el denominado catarismo. Considerado un movimiento de fe herética, será perseguido hasta su desaparición. La participación de la Iglesia y de los estados de la época en la desaparición de este movimiento fue tanto intereses religiosos como materiales, intentó conseguir como fin último un único movimiento ortodoxo con el que se vieran beneficiadas todas las élites, tanto civiles como eclesiásticas, y consiguieran mantener el orden social de la época. Dada la cercanía y conexiones de estos territorios con la Corona de Aragón, el movimiento cátaro se extendió hasta sus poblaciones prácticamente desde sus comienzos, por lo que los territorios aragoneses tuvieron mucho que ver en el desarrollo, pervivencia y, finalmente, la desaparición del catarismo. &lt;br />&lt;br /></subfield>
        </datafield>
        <datafield tag="521" ind1=" " ind2=" ">
            <subfield code="a">Graduado en Historia</subfield>
        </datafield>
        <datafield tag="540" ind1=" " ind2=" ">
            <subfield code="a">Derechos regulados por licencia Creative Commons</subfield>
        </datafield>
        <datafield tag="700" ind1=" " ind2=" ">
            <subfield code="a">Laliena Corbera, Carlos</subfield>
            <subfield code="e">dir.</subfield>
        </datafield>
        <datafield tag="710" ind1="2" ind2=" ">
            <subfield code="a">Universidad de Zaragoza</subfield>
            <subfield code="b"> </subfield>
            <subfield code="c"></subfield>
        </datafield>
        <datafield tag="856" ind1="0" ind2=" ">
            <subfield code="f">611894@celes.unizar.es</subfield>
        </datafield>
        <datafield tag="856" ind1="4" ind2=" ">
            <subfield code="s">767465</subfield>
            <subfield code="u">http://zaguan.unizar.es/record/88853/files/TAZ-TFG-2019-4259.pdf</subfield>
            <subfield code="y">Memoria (spa)</subfield>
        </datafield>
        <datafield tag="909" ind1="C" ind2="O">
            <subfield code="o">oai:zaguan.unizar.es:88853</subfield>
            <subfield code="p">driver</subfield>
            <subfield code="p">trabajos-fin-grado</subfield>
        </datafield>
        <datafield tag="950" ind1=" " ind2=" ">
            <subfield code="a"></subfield>
        </datafield>
        <datafield tag="951" ind1=" " ind2=" ">
            <subfield code="a">deposita:2020-05-13</subfield>
        </datafield>
        <datafield tag="980" ind1=" " ind2=" ">
            <subfield code="a">TAZ</subfield>
            <subfield code="b">TFG</subfield>
            <subfield code="c">FFYL</subfield>
        </datafield>
        <datafield tag="999" ind1=" " ind2=" ">
            <subfield code="a">20191113145348.CREATION_DATE</subfield>
        </datafield>
    </record>

    
</collection>